APPLIED PSYCHOLOGY FOR NURSES (Record no. 24920)

MARC details
000 -LEADER
fixed length control field 00388nam a22001697a 4500
003 - CONTROL NUMBER IDENTIFIER
control field SGT
020 ## - INTERNATIONAL STANDARD BOOK NUMBER
International Standard Book Number 9789354654930
082 ## - DEWEY DECIMAL CLASSIFICATION NUMBER
Classification number 150
Item number A23S
100 ## - MAIN ENTRY--PERSONAL NAME
Personal name SREEVANI, R.
245 ## - TITLE STATEMENT
Title APPLIED PSYCHOLOGY FOR NURSES
250 ## - EDITION STATEMENT
Edition statement 4TH
260 ## - PUBLICATION, DISTRIBUTION, ETC. (IMPRINT)
Place of publication, distribution, etc INDIA
Name of publisher, distributor, etc JAYPEE PUB
Year of Publication 2023
300 ## - PAGE DESCRIPTION
No. of Pages 261
650 ## - SUBJECT ADDED ENTRY--TOPICAL TERM
Topical term or geographic name as entry element PSYCHOLOGY
653 ## - KEYWORDS--INDEX TERM
Keyword term APPLIED PSYCHOLOGY FOR NURSES
942 ## - ADDED ENTRY ELEMENTS (KOHA)
Source of classification or shelving scheme Dewey Decimal Classification
Koha item type Books
942 ## - ADDED ENTRY ELEMENTS (KOHA)
-- 86
Holdings
Withdrawn status Lost status Source of classification or shelving scheme Damaged status Not for loan Collection code Home library Current library Shelving location Date acquired Vendor Name Cost, normal purchase price SGTU Bill Number Full call number Accession No. (Barcode) Date last seen Bill Date Koha item type Total Checkouts Checked out Date last borrowed Total Renewals
    Dewey Decimal Classification   Not For Loan NURSING SGT Medical Library SGT Medical Library Reference Book 02/09/2023 ABC DELHI 595.00 SGTU 16927 150 A23S FN5146 02/09/2023 20/06/2023 Books        
    Dewey Decimal Classification     NURSING SGT Medical Library SGT Medical Library Text Book 02/09/2023 ABC DELHI 595.00 SGTU 16927 150 A23S FN5147 19/01/2024 20/06/2023 Books 13 02/02/2024 19/01/2024  
    Dewey Decimal Classification     NURSING SGT Medical Library SGT Medical Library Text Book 02/09/2023 ABC DELHI 595.00 SGTU 16927 150 A23S FN5148 10/01/2026 20/06/2023 Books 30   22/12/2025 1
    Dewey Decimal Classification     NURSING SGT Medical Library SGT Medical Library Text Book 02/09/2023 ABC DELHI 595.00 SGTU 16927 150 A23S FN5149 10/01/2026 20/06/2023 Books 41   24/12/2025 1
    Dewey Decimal Classification     NURSING SGT Medical Library SGT Medical Library Text Book 02/09/2023 ABC DELHI 595.00 SGTU 16927 150 A23S FN5150 10/01/2026 20/06/2023 Books 27   09/01/2026